000 00286nam a22001337a 4500
008 170131b xxu||||| |||| 00| 0 eng d
020 _a9780827345638
041 _aeng
080 _26TH
_a61
100 _a3
101 _aSHMI
245 _aMEDICAL TERMINOLOGY
_cSMITH
942 _2udc
_cBK
999 _c4079
_d4079